LEADER 01291nam2 22002891i 450 001 SUN0046449 005 20060616120000.0 010 $a88-15-08393-6 100 $a20060616d2001 |0itac50 ba 101 $aita 102 $aIT 105 $a|||| ||||| 200 1 $aˆ1: ‰Fondamenti di psicometria e statistica descrittiva$fAnna Paola Ercolani, Alessandra Areni, Luigi Leone 210 $aBologna$cIl mulino$dc2001 215 $a179 p.$cill.$d21 cm. 461 1$1001SUN0046448$12001 $aStatistica per la psicologia$fAnna Paola Ercolani, Alessandra Areni, Luigi Leone$v1$1210 $aBologna$cIl mulino$1215 $av.$d21 cm. 620 $dBologna$3SUNL000003 700 1$aErcolani$b, Anna Paola$3SUNV011324$0124291 701 1$aAreni$b, Alessandra$3SUNV012355$0128127 701 1$aLeone$b, Luigi$3SUNV037109$0358391 712 $aIl mulino$3SUNV000011$4650 801 $aIT$bSOL$c20181109$gRICA 912 $aSUN0046449 950 $aUFFICIO DI BIBLIOTECA DEL DIPARTIMENTO DI PSICOLOGIA$d16 CONS 3179 $e16 VS 380 995 $aUFFICIO DI BIBLIOTECA DEL DIPARTIMENTO DI PSICOLOGIA$bIT-CE0119$gVS$h380$kCONS 3179$oc$qa 996 $aFondamenti di psicometria e statistica descrittiva$91405706 997 $aUNICAMPANIA LEADER 01275nam a2200349 i 4500 001 991001103329707536 005 20020507111316.0 008 940218s1987 fr ||| | eng 035 $ab10174084-39ule_inst 035 $aLE00642216$9ExL 040 $aDip.to Fisica$bita 084 $a52.9.51 084 $a53(082.2) 084 $a53.3.1 084 $a539.7 084 $aQC770 111 2 $aRencontres de Moriond on new and exotica phenomena$0462983 245 10$aNew and exotica phenomena :$b7th Moriond workshop (Savoie, France, January 24-31, 1987) /$cedited by J. Tran-Thanh-Van and O. Fackler 260 $aGif-sur-Yvette :$bEditions Frontières,$c1987 300 $axi, 671 p. :$bill. ;$c22 cm. 490 0 $aMoriond Workshop ;$v52 490 0 $aRencontres de Moriond ;$v52 650 4$aNeutrinos$xCongresses 650 4$aParticles (Nuclear physics)$xCongresses 700 1 $aFackler, O. 700 1 $aTran-Thanh-Van, Jean 907 $a.b10174084$b17-02-17$c27-06-02 912 $a991001103329707536 945 $aLE006 53(042+082.2) MOR$g1$i2006000034685$lle006$o-$pE0.00$q-$rl$s- $t0$u0$v0$w0$x0$y.i10213247$z27-06-02 996 $aNew and exotica phenomena$9189587 997 $aUNISALENTO 998 $ale006$b01-01-94$cm$da $e-$feng$gfr $h0$i1